Sports Quiz

Random Sports or NFL Quiz

NFL Career Sacks Quiz Stats

 Plays Quiz Updated Jan 4, 2021

Support Sporcle.
Go Orange.
Score 0/20 Timer 06:00
11 Plays Today
Sacks Player % Correct
198Reggie White
82.6%
132.5Lawrence Taylor
76.1%
141.5Michael Strahan
75.7%
200Bruce Smith
74.9%
139.5Jason Taylor
73.9%
159.5Julius Peppers
46.4%
136Jared Allen
44.7%
160Kevin Greene
43.7%
138.5DeMarcus Ware
43.7%
126.5Derrick Thomas
41.1%
Sacks Player % Correct
139Terrell Suggs
37%
123Robert Mathis
36.3%
125.5Dwight Freeney
32.7%
137.5Richard Dent
21.7%
128Rickey Jackson
20.1%
137.5John Randle
19.3%
122Simeon Rice
18.1%
150.5Chris Doleman
13.8%
133.5John Abraham
7.1%
132.5Leslie O'Neal
5.7%

From the Vault

4-to-1 Blitz: Europe

by BookishGirl98

Geography 30s
Covering a continent in 30 seconds? You've got this.
Remove Ads.
Support Sporcle.
Get the best of Sporcle when you Go Orange. This ad-free experience offers more features, more stats, and more fun while also helping to support Sporcle. Thank you for becoming a member.

Show Comments

Extras

Top Quizzes Today


Score Distribution

Your Account Isn't Verified!

In order to create a playlist on Sporcle, you need to verify the email address you used during registration. Go to your Sporcle Settings to finish the process.

Report this User

Report this user for behavior that violates our Community Guidelines.

Details: